Strojní montáže /

Gespeichert in:
Bibliographische Detailangaben
Hauptverfasser: Mičkal, Karel (Verfasst von), Kolář, Přemysl (Verfasst von)
Format: Buch
Sprache:Tschechisch
Veröffentlicht: Praha : SNTL, 1987
Ausgabe:1.vyd.
Schlagworte:
Tags: Tag hinzufügen
Keine Tags, Fügen Sie das erste Tag hinzu!

MARC

LEADER 00000nam a22000003a 4500
001 stu39340
005 20150617225721.4
008 930120s1987----cs------------------cze-d
040 |a STU  |b slo 
041 0 |a cze 
044 |a cs 
080 |a 621.7.09(075.3) 
100 1 |a Mičkal, Karel  |4 aut 
245 1 |a Strojní montáže /  |c [aut.]Karel Mičkal, Přemysl Kolář 
250 |a 1.vyd. 
260 |a Praha :  |b SNTL,  |c 1987 
300 |a 205 s 
650 7 |a Montáže strojárske  |2 stusub 
650 7 |a učeb.SŠ  |2 stusub 
700 1 |a Kolář, Přemysl  |4 aut 
996 |b 284M036052  |c M*1780-1  |l MMKN  |s A  |a 24  |w stu39340_0001 
996 |b 284M036051  |c M*1780-2  |l MMKN  |s A  |a 24  |w stu39340_0002